1990 Billboard 200 Number-One Albums - Statistics

General Stats
  • This quiz has been taken 9 times
  • The average score is 7 of 8
Answer Stats
Picture Hint Answer % Correct
Bonnie Raitt Nick of Time
100%
MC Hammer Please Hammer, Don't Hurt 'Em
100%
New Kids On The Block Step By Step
100%
Phil Collins ...But Seriously
89%
Paula Abdul Forever Your Girl
78%
Sinéad O'Connor I Do Not Want What I Haven't Got
78%
Vanilla Ice To The Extreme
78%
Milli Vanilli Girl You Know It's True
67%
No matching quizzes found
Score Distribution
Percent of People with Each Score
Percentile by Number Answered
Your Score History
You have not taken this quiz